Armenian Alphabet (phonetics) - Statistics

General Stats
  • This quiz has been taken 55 times
  • The average score is 15 of 40
Answer Stats
Hint Answer % Correct
Լ լ l
79%
Ա ա a
58%
Մ մ m
58%
Ն ն n
58%
Բ բ b
53%
և ew
53%
Ֆ ֆ f
53%
Հ հ h
53%
Վ վ v
53%
Ի ի i
47%
Ո ո o
47%
Ր ր r
47%
Ե ե ɛ
42%
Գ գ g
42%
Ձ ձ j / dz
42%
Պ պ p
42%
Ս ս s
42%
Շ շ sh
42%
Ժ ժ žh
42%
Է է ēh
37%
Կ կ k
37%
Տ տ t
37%
Ծ ծ ts
37%
Դ դ d
32%
Ք ք k'
32%
Փ փ p'
32%
Թ թ tʿ
32%
Խ խ x
32%
Զ զ z
32%
Օ օ ō
26%
Ռ ռ rr
26%
ու u
26%
Ճ ճ čheh
21%
Ջ ջ j
21%
Ղ ղ ł
21%
Ը ը uh (ə)
21%
Յ յ y
21%
Ւ ւ w
16%
Ց ց c'
11%
Չ չ ch
11%
No matching quizzes found
Score Distribution
Percent of People with Each Score
Percentile by Number Answered
Your Score History
You have not taken this quiz